Conflict avoidance and dispute resolution in construction (Record no. 114108)
[ view plain ]
| 000 -LEADER | |
|---|---|
| fixed length control field | 01110cam a22002775a 4500 |
| 001 - CONTROL NUMBER | |
| control field | L156220 |
| 008 - FIXED-LENGTH DATA ELEMENTS--GENERAL INFORMATION | |
| fixed length control field | 120508s2012 xxk f 000 0 eng d |
| 020 ## - INTERNATIONAL STANDARD BOOK NUMBER | |
| International Standard Book Number | 9781842197806 |
| 035 ## - SYSTEM CONTROL NUMBER | |
| System control number | (Sirsi) u156220 |
| 041 0# - LANGUAGE CODE | |
| Language code of text/sound track or separate title | eng |
| 110 2# - MAIN ENTRY--CORPORATE NAME | |
| Corporate name or jurisdiction name as entry element | Royal Institution of Chartered Surveyors |
| 9 (RLIN) | 4900 |
| 245 00 - TITLE STATEMENT | |
| Title | Conflict avoidance and dispute resolution in construction |
| Medium | [electronic resource] |
| 260 ## - PUBLICATION, DISTRIBUTION, ETC. | |
| Place of publication, distribution, etc. | Coventry |
| Name of publisher, distributor, etc. | RICS |
| Date of publication, distribution, etc. | 2012 |
| 300 ## - PHYSICAL DESCRIPTION | |
| Extent | iv, 24p. |
| Dimensions | 30cm. |
| 350 ## - PRICE (NR) (BK AM CF MU VM SE) [OBSOLETE] | |
| Price | 30 |
| 490 ## - SERIES STATEMENT | |
| Series statement | RICS Guidance Note |
| Volume/sequential designation | GN 91/2012 |
| 490 #0 - SERIES STATEMENT | |
| Series statement | RICS Black Book |
| 505 2# - FORMATTED CONTENTS NOTE | |
| Formatted contents note | Introduction -- General Principles (Level 1- Knowing) -- Practical application (Level 2- Doing) -- Practical considerations (Level 3 - Doing/Advising) |
| 521 ## - TARGET AUDIENCE NOTE | |
| Target audience note | Advanced |
| 650 24 - SUBJECT ADDED ENTRY--TOPICAL TERM | |
| Topical term or geographic name entry element | RICS BLACK BOOK |
| 650 24 - SUBJECT ADDED ENTRY--TOPICAL TERM | |
| Topical term or geographic name entry element | RICS QS AND CONSTRUCTION STANDARDS |
| 651 #4 - SUBJECT ADDED ENTRY--GEOGRAPHIC NAME | |
| Geographic name | United Kingdom |
| 690 ## - LOCAL SUBJECT ADDED ENTRY--TOPICAL TERM (OCLC, RLIN) | |
| Topical term or geographic name as entry element | Dispute resolution |
| 9 (RLIN) | 6236 |
| 856 40 - ELECTRONIC LOCATION AND ACCESS | |
| Uniform Resource Identifier | <a href="https://www.rics.org/uk/upholding-professional-standards/sector-standards/construction/black-book/conflict-avoidance-and-dispute-resolution-in-construction/">https://www.rics.org/uk/upholding-professional-standards/sector-standards/construction/black-book/conflict-avoidance-and-dispute-resolution-in-construction/</a> |
| Public note | Available free on RICS.org |
| 942 ## - ADDED ENTRY ELEMENTS (KOHA) | |
| Suppress in OPAC | 0 |
| Source of classification or shelving scheme | Dewey Decimal Classification |
| Withdrawn status | Lost status | Source of classification or shelving scheme | Damaged status | Not for loan | Home library | Current library | Shelving location | Date acquired | Total Checkouts | Full call number | Barcode | Date last seen | Copy number | Price effective from | Koha item type |
|---|---|---|---|---|---|---|---|---|---|---|---|---|---|---|---|
| Dewey Decimal Classification | Archives | Archives | RICS Boxes | 17/12/2013 | RICS 2012/21 | 30078029 | 06/08/2019 | 1 | 06/08/2019 | Archive | |||||
| Dewey Decimal Classification | London | London | RICS Boxes | 04/12/2012 | RICS 2012/21 | 30078016 | 06/08/2019 | 2 | 06/08/2019 | Book | |||||
| Dewey Decimal Classification | London | London | RICS Boxes | 04/12/2012 | RICS 2012/21 | 30078020 | 06/08/2019 | 3 | 06/08/2019 | Book | |||||
| Dewey Decimal Classification | Virtual | Virtual | Online | 08/05/2012 | ONLINE PUBLICATION | 156220-2001 | 06/08/2019 | 1 | 06/08/2019 | Book |